000
00313nam a2200121Ia 4500
008
191201s2002 xx 000 0 und d
100
_a
KALAM,A P J Abdul
245
0
_a
Ignited Minds Unleashing Power with in India
260
_a
N.Delhi
_b
Penguin Book
_c
2002
300
_a
205
650
_a
BBA
942
_2
ddc
_c
BK
_0
15
999
_c
4483
_d
4483